| 000 | 00981nam a2200253 a 4500 | ||
|---|---|---|---|
| 003 | UPN | ||
| 005 | 20240911113508.0 | ||
| 008 | 991125s1897 mx a b 000 0 spa d | ||
| 035 | _aUPN01000041546 | ||
| 040 |
_aMX-MxUPN _bspa _cMX-MxUPN |
||
| 041 | _aspa | ||
| 050 | 1 | 4 |
_aLC313 M6 _bC37 1897 |
| 100 | 1 |
_aCastro, J. A. _951636 |
|
| 245 | 1 | 0 |
_aNociones de moral y educación : _bcompuesta en perfecto acuerdo con la enseñanza de la asignatura en las escuelas más avanzadas y publicadas especialmente para su uso en las escuelas oficiales del Estado de México |
| 260 |
_aSaint Louis : _bSpanish-American Educational Co. : _c1897. |
||
| 300 |
_a71 páginas : _bilustraciones |
||
| 490 | 0 | _aSerie de la educación moderna | |
| 650 | 4 |
_aEducación moral _91396 |
|
| 650 | 4 |
_aEducación moral _951633 _vLibros de texto |
|
| 710 | 2 |
_951335 _aMuseo Pedagógico Nacional (México) _epropietario anterior |
|
| 902 | _bMaríaRobles/180424 | ||
| 905 | _aLibro | ||
| 942 |
_2lcc _cLIBRO _n0 |
||
| 999 |
_c41546 _d41546 |
||